Responses for show #5347 - Tuesday, December 4, 2007

Contestants

Keith Thorell, an attorney from Altadena, California

John O'Leary, a middle school history teacher from Walpole, Massachusetts

Heather Mathewson Rainville, a business analyst from Pittsboro, North Carolina (whose 1-day cash winnings total $21,900)

Jeopardy! Round responses

THE BIG APPLE
COMPOSERS ON FILM
A SHAPELY CATEGORY
SALMON
CHANTED
"EVE"NING
    $200 3
the Empire State Building

John
    $200 1
(Cole) Porter

Keith
    $200 26
shells

Keith
    $200 8
dams

John
    $200 13
sticks & stones

John
    $200 16
fever

Heather
    $400 4
(Alex: Not the A train of song fame.)

the B train

Triple Stumper
    $400 2
Cole Porter

Triple Stumper
    $400 27
a heart

Heather
    $400 9
(Keith: What is Canada?)

the United States

JohnKeith
    $400 14
a bagpipe

John
    $400 17
a believer

Keith
    $600 5
volunteer

Keith
    $600 23
(Heather: Who is Gerswhin?)

George M. Cohan

Heather
Triple Stumper
    $600 28
(Keith: What's square?)

a cube

HeatherKeith
    $600 10
caviar

John
    $600 15
the witches

Heather
    $600 18
Grover Cleveland

John
    $800 6
oysters

Heather
    $800 24
George M. Cohan

Triple Stumper
    $800 29
a tooth

Heather
    $800 11
trout

Keith
    $800 21
Yom Kippur

Heather
    $800 19
a cantilever

Heather
    $1000 7
SoHo (South of Houston)

Keith
    $1000 25
(Alex: The great Norwegian composer, [*]. One category left.)

Edvard Grieg

Triple Stumper
    $1000 30
a trapezoid

Keith
    $1000 12
(Keith: What is coho?)
(John: What is Santa Anita?)

chinook

JohnKeith
Triple Stumper
    $1,500 22
(Heather: [Shakes head])

Gregorian chants

Heather
    $1000 20
(John: What is Achievers?)

Achievement

JohnKeith

Scores at the first commercial break (after clue 15):

Heather John Keith
$1,400 $1,000 $1,200

Scores at the end of the Jeopardy! Round:

Heather John Keith
$2,900 $600 $3,200

Double Jeopardy! Round responses

HISTORIC NAMES
WHAT A CHARACTER!
GEOLOGY
HOME, SWEET HOME
NAME THE POET
CROSSWORD CLUES "B"
    $400 16
Constantine

Keith
    $400 21
Gomer Pyle

Heather
    $400 11
earthquakes

Triple Stumper
    $400 6
New Mexico

Keith
    $400 26
Maya Angelou

John
    $400 1
burp

Keith
    $800 17
South Vietnam

John
    $800 22
Gomez

Keith
    $800 12
New Zealand

Keith
    $800 7
Newport

Heather
    $800 27
Rabbie Burns

Heather
    $800 2
belly

John
    $1200 18
Cochise

Triple Stumper
    $1200 23
Ed Grimley

John
    $1200 13
limestone

Keith
    $1200 8
the vice president

Heather
    $1200 28
Edward Lear

Triple Stumper
    $1200 3
(Heather: What is black?)

Bible

HeatherKeith
    $1600 19
Saint Thomas More

Triple Stumper
    $1600 24
MacGyver

Keith
    $800 14
(Keith: What is oceanography?)

hydrology

Keith
    $2,000 9
(Heather: What is Walden?)

the Old Manse

Heather
    $1600 29
Alexander Pope

Triple Stumper
    $1600 4
bevy

Keith
    $2000 20
Maria Theresa

Triple Stumper
    $2000 25
the Professor

Heather
    $2000 15
the Canaries

Triple Stumper
    $2000 10
Mountbatten

Keith
    $2000 30
Ben Jonson

Triple Stumper
    $2000 5
(Alex: He was a [*], somebody who keeps order in a church.)

beadle

Triple Stumper

Scores at the end of the Double Jeopardy! Round:

Heather John Keith
$4,900 $3,800 $12,800
(lock game)

[wagering suggestions for these scores]

Final Jeopardy! Round responses

U.S. POLITICS
JohnWhat is Minnesota
$1,200
HeatherWhat is New York?
$2,701
KeithWhat is New York
$800
Minnesota (Hubert Humphrey & Walter Mondale)

Final scores:

Heather John Keith
$2,199 $5,000 $12,000
3rd place: $1,000 + the Jeopardy! DVD Home Game System 2nd place: $2,000 + the Jeopardy! DVD Home Game System New champion: $12,000 + the Jeopardy! DVD Home Game System

Game dynamics:

Coryat scores:

Heather John Keith
$8,400 $3,800 $13,600
13 R,
4 W
(including 2 DDs)
11 R,
2 W
18 R,
4 W
(including 1 DD)

Combined Coryat: $25,800

The J! Archive is created by fans, for fans. The Jeopardy! game show and all elements thereof, including but not limited to copyright and trademark thereto, are the property of Jeopardy Productions, Inc. and are protected under law. This website is not affiliated with, sponsored by, or operated by Jeopardy Productions, Inc. Join the discussion at JBoard.tv.